| 000 | 00754nam a2200229 i 4500 | ||
|---|---|---|---|
| 001 | 32612 | ||
| 003 | ES-MaACL | ||
| 005 | 20250815080734.0 | ||
| 007 | t| | ||
| 008 | 030131s1974 sp ||||1| spa d | ||
| 100 |
_aBerlin, Isaiah, _d1909-1997 _9239356 |
||
| 245 | 1 | 0 |
_aLibertad y necesidad en la historia / _cIsaiah Berlin ; traducido por Julio Bayón. |
| 260 |
_aMadrid : _bRevista de Occidente, _c[1974] |
||
| 300 |
_a186 p. ; _c22 cm. |
||
| 490 | 1 |
_aBiblioteca de ciencias históricas. Teoría y método ; _v3 |
|
| 650 | 0 | 0 |
_aLibertad. _914400 |
| 700 | 1 |
_aBayón, Julio. _926710 |
|
| 830 | 1 | 0 |
_aBiblioteca de ciencias históricas _v3 _9231774 |
| 852 |
_aES-MaACL _jE-5886 |
||
| 852 |
_aES-MaACL _jE-5889 |
||
| 999 |
_c32612 _d32612 |
||